China Basic Information MCQ quiz - Statistics

General Stats
  • This quiz has been taken 27 times
  • The average score is 7 of 10
Answer Stats
Question Answer % Correct
Please select Chinese National flag.
100%
Which of the following is the picture of Chinese original people?
100%
Which of the following people comes from China? Jack Ma
100%
Which of the following pictures is Chinese Yuan(CNY)?
75%
Which city is the capital of People's Republic of China? Beijing
75%
Which of the following supermarket brands comes from China? RT-Mart
75%
Which of the following pictures is the scenery in China?
50%
Which city's landscape is Oriental Pearl TV Tower? Shanghai
50%
Which province is the biggest one in China? Xinjiang
50%
Which of the following is the national airline company(flag carrier) of China? Air China
25%
No matching quizzes found
Score Distribution
Percent of People with Each Score
Percentile by Number Answered
Your Score History
You have not taken this quiz